LEADER 00893nam0 2200277 450 001 000021470 005 20090114094732.0 010 $a88-06-05723-5 100 $a20090114d1984----km-y0itay50------ba 101 1 $aita 102 $aIT 105 $ay-------001yy 200 1 $aEquilibrio, distribuzione e crescita$fNicholas Kaldor$gedizione italiana a cura di Ferdinando Targetti 210 $aTorino$cEinaudi$d1984 215 $aLXXXVIII, 323 p.$d22 cm 225 2 $aNuova biblioteca scientifica Einaudi$v72 410 0$12001$aNuova biblioteca scientifica Einaudi$v72 610 1 $aEconomia 676 $a330$v11 700 1$aKaldor,$bNicholas$034198 702 1$aTargetti,$bFerdinando 801 0$aIT$bUNIPARTHENOPE$c20090114$gRICA$2UNIMARC 912 $a000021470 951 $a020/173$b4523$cNAVA2$d2009 996 $aEquilibrio, distribuzione e crescita$9196535 997 $aUNIPARTHENOPE